000
00392nam a2200145Ia 4500
008
100204s9999 xx 000 0 und d
082
_b
10367
100
_a
कदम प्रकाश
245
_a
सलामी
260
_b
नीहारा प्रकाशन पुणे
_c
1987
300
_a
169
630
_a
सलामी
730
_a
सलामी
942
_c
BOOK
999
_c
454803
_d
454800